000
00256nam a2200097Ia 4500
001
1043091
005
20250826232115.0
008
250824s9999 xx 000 0 und d
245
0
_a
TANKLAR KABEYE DAYANMADAN
_c
İBRAHİM KARAGÜL
260
_b
KETEBE YAYINLARI
999
_c
1043091
_d
1043091